Η κυρά της θάλασσας : δράμα σε πέντε μέρη
Αποθηκεύτηκε σε:
| Κύριος συγγραφέας: | |
|---|---|
| Άλλοι συγγραφείς: | |
| Μορφή: | Βιβλίο |
| Γλώσσα: | Greek |
| Δημοσίευση: |
Αθήνα :
Γκοβόστης,
[198-]
|
| Σειρά: | Άπαντα Ιψεν ;
; 3 |
| Θέματα: | |
| Ετικέτες: |
Προσθήκη ετικέτας
Δεν υπάρχουν, Καταχωρήστε ετικέτα πρώτοι!
|
MARC
| LEADER | 00000nam a2200000 i 4500 | ||
|---|---|---|---|
| 001 | 1/72139 | ||
| 008 | 980601q19801985 gre d | ||
| 035 | |l 10031154 | ||
| 040 | |a GR-MY-UA |b gre |e aacr | ||
| 041 | 0 | |a gre | |
| 082 | 0 | |a 839.82 | |
| 100 | 1 | |a Ibsen, Henrik |d 1828-1906. | |
| 245 | 1 | 2 | |a Η κυρά της θάλασσας : |b δράμα σε πέντε μέρη / |c Ερρίκου Ιψεν ; μετάφραση, προλεγόμενα Λ. Κούκουλα |
| 260 | |a Αθήνα : |b Γκοβόστης, |c [198-] | ||
| 300 | |a 130 σ. | ||
| 490 | 1 | |a Απαντα Ιψεν |v ; 3 | |
| 600 | 1 | 0 | |a Ibsen Henrik |d 1828-1906. |
| 650 | 0 | 0 | |a Norwegian literature. |
| 700 | 1 | |a Κουκούλας, Λέων, |d 1894-1967. |4 trl | |
| 830 | 0 | |a Άπαντα Ιψεν ; |v ; 3 | |
| 852 | |a INST |b RHODES |e 19980601 |h 839.82 IBS |p 005400006471 |q 005400006471 |t BK |y 0 | ||
| 901 | |a BIBL-1998-2 | ||
| 909 | |a Ρ |b 053822 |c 1998 | ||
| 922 | |a 4ΕΛΗ |b 199802 |c ΚΠΣ/Ν |d EMVASIS | ||